Geography Quiz

Random Geography or City Quiz

Largest 'Second' US Cities Quiz Stats

 Plays Quiz Updated Jun 25, 2018

Challenge
Share
Tweet
Embed
Score 0/20 Timer 06:00
1 Play Today
Rank City % Correct
2San Diego (California)
91.1%
5Miami (Florida)
82.7%
1San Antonio (Texas)
81.6%
11Pittsburgh (Pennsylvania)
74.2%
6Cleveland (Ohio)
73.3%
14Buffalo (New York)
71.2%
3Nashville (Tennessee)
62.4%
13St. Paul (Minnesota)
61.1%
10St. Louis (Missouri)
60.4%
7Raleigh (North Carolina)
55.2%
Rank City % Correct
4Tucson (Arizona)
49.7%
19Madison (Wisconsin)
47.8%
9Tulsa (Oklahoma)
44.7%
8Colorado Springs (Colorado)
43.5%
17Lincoln (Nebraska)
38.4%
12Lexington (Kentucky)
37.4%
18Jersey City (New Jersey)
33.8%
20Norfolk (Virginia)
29.9%
16Fort Wayne (Indiana)
27.6%
15Henderson (Nevada)
17.6%

You're not logged in!

Compare scores with friends on all Sporcle quizzes.
OR
Log In

You Might Also Like...

Show Comments

Extras

Top Quizzes Today


Score Distribution

Your Account Isn't Verified!

In order to create a playlist on Sporcle, you need to verify the email address you used during registration. Go to your Sporcle Settings to finish the process.

Report this User

Report this user for behavior that violates our Community Guidelines.

Details: